Management of Organizational Behavior Utilizing Human Resources

Salvato in:
Dettagli Bibliografici
Autore principale: Hersey, Paul
Altri autori: Blanchard, Kenneth H.
Natura: Libro
Lingua:inglese
Pubblicazione: Englewood Cliffs Prentice Hall 1988
Edizione:5. ed.
Soggetti:
Tags: Aggiungi Tag
Nessun Tag, puoi essere il primo ad aggiungerne!!

MARC

LEADER 00000nam a2200000 4500
001 c021642
005 20221206134834.3
020 |a 0-13-551268-9 
041 0 |a eng 
044 |a US 
245 1 0 |a Management of Organizational Behavior  |b Utilizing Human Resources  |c Paul Hersey, Kenneth H. Blanchard 
250 |a 5. ed. 
264 1 |a Englewood Cliffs  |b Prentice Hall  |c 1988 
300 |a 474 s. 
610 2 0 |a správanie organizačné 
610 2 0 |a zdroje ľudské 
610 2 0 |a manažment 
610 2 0 |a vedenie 
610 2 0 |a teória riadenia 
610 2 0 |a efektívnosť 
610 2 0 |a efektívnosť práce 
100 1 |a Hersey, Paul 
700 1 |a Blanchard, Kenneth H.